Tras las lentes de Isabel Coixet : cine, compromiso y feminismo /
Furkejuvvon:
| Váldodahkki: | |
|---|---|
| Eará dahkkit: | |
| Materiálatiipa: | Girji |
| Giella: | espánnjágiella |
| Almmustuhtton: |
Zaragoza, España :
Universidad de Zaragoza,
2017, c2017
|
| Ráidu: | (Vidas/Universidad de Zaragoza ;
10) |
| Fáttát: | |
| Fáddágilkorat: |
Eai fáddágilkorat, Lasit vuosttaš fáddágilkora!
|
MARC
| LEADER | 00000nam^a2200000^a^4500 | ||
|---|---|---|---|
| 001 | 000432351 | ||
| 005 | 20250521000000.0 | ||
| 009 | 20260310123013.295 | ||
| 020 | |a 978-84-16935-73-4 | ||
| 037 | |a Acervo ITESO - Biblioteca | ||
| 041 | |a ESP | ||
| 082 | |a 302. 2350946 |b ZEC | ||
| 100 | |a Zecchi, Barbara |e (coordinación) | ||
| 245 | 1 | 0 | |a Tras las lentes de Isabel Coixet : |b cine, compromiso y feminismo / |c Coord. e introd. de B. Zecchi ; pról. de I. Coixet. |
| 264 | 4 | |a Zaragoza, España : |b Universidad de Zaragoza, |c 2017, c2017 | |
| 300 | |a 495 p. | ||
| 336 | |a texto |b txt |2 rdacontenido | ||
| 337 | |a sin mediación |b n |2 rdamedio | ||
| 338 | |a volumen |b nc |2 rdasoporte | ||
| 440 | 1 | |a (Vidas/Universidad de Zaragoza ; |v 10) | |
| 649 | |a XX | ||
| 650 | |a Cineastas Españoles - |x Entrevistas | ||
| 650 | |a Cineastas Españoles - |x Biografías | ||
| 650 | |a Cineastas Españoles - |x Filmografías | ||
| 650 | |a Mujeres Españolas - |x Entrevistas | ||
| 650 | |a Mujeres Españolas - |x Biografías | ||
| 650 | |a Mujeres Españolas - |x Filmografías | ||
| 650 | |a Cine de Mujeres - |z España - |x Historia y Crítica | ||
| 650 | |a Cine en Inglés - |z España - |x Historia y Crítica | ||
| 650 | |a Cine Español - |x Historia y Crítica | ||
| 650 | |a Cine Español - |y Siglo XX | ||
| 650 | |a Cine Español - |y Siglo XXI | ||
| 650 | |a Compromiso (Etica) | ||
| 650 | |a Arte y Etica | ||
| 650 | |a Feminismo | ||
| 650 | |a Coixet, Isabel - |x Tema Principal | ||
| 700 | |a Coixet, Isabel |e (prólogo) | ||
| 910 | |a Fondo General | ||
| 920 | |a Impresos - Libros | ||
| 930 | |a Colección General | ||
| 905 | |a 101 | ||
| 901 | |a 0500353974 |b IT1 |c ACC |i C175550 |u 20250521 | ||
| 902 | |a https://opac.biblio.iteso.mx/vufind/Record/000432351 | ||